| 000 | 01262nam a22002537a 4500 | ||
|---|---|---|---|
| 005 | 20170124103153.0 | ||
| 010 | _a953127 | ||
| 020 | _c35.00 | ||
| 035 | _a953127 | ||
| 037 | _bCen Lib/Ret | ||
| 040 |
_aDPL _bHN |
||
| 082 |
_a822.08 _bशर्मारा |
||
| 100 |
_aशर्मा, राधेश्याम _988573 |
||
| 245 |
_aप्रसाद की नाटकीय पात्रसृष्टि का मनोवैज्ञानिक विश्लेषण / _cराधेश्याम शर्मा |
||
| 246 |
_aPrasad ki natkeey patrsrishti ka manovaigyanik vishleshan / _bby Radheshyam Sharma |
||
| 260 |
_aजयपुर _bचिन्मय प्रकाशन _c1979 |
||
| 270 |
_aचौड़ारास्ता _bजयपुर _e302003 |
||
| 300 |
_aiii,240पृ. _c20सेमी(सजिल्द) |
||
| 650 |
_aहिन्दी -- साहित्य _988574 |
||
| 650 |
_aहिन्दी -- प्रसाद का नाटक -- मनोवैज्ञानिक विश्लेषण _988575 |
||
| 650 |
_aHindi literature _988576 |
||
| 650 |
_aHindi - Prasad's play - psychological analysis _988577 |
||
| 942 |
_2ddc _cHN _h822.08 _mशर्मारा |
||
| 999 |
_c120108 _d120108 |
||